BIBLIOTECA PODER JUDICIAL
Portal Judicial TDF

Recurso extraordinario / (Registro nro. 1413)

000 -LEADER
fixed length control field 01091nam a22002657a 4500
003 - CONTROL NUMBER IDENTIFIER
control field OSt
005 - DATE AND TIME OF LATEST TRANSACTION
control field 20191029062659.0
008 - FIXED-LENGTH DATA ELEMENTS--GENERAL INFORMATION
fixed length control field 180226b xxu||||| |||| 00| 0 spa d
020 ## - INTERNATIONAL STANDARD BOOK NUMBER
International Standard Book Number 9505273312
040 ## - CATALOGING SOURCE
Transcribing agency PJ
245 10 - MENCIÓN DE TÍTULO
Título propiamente dicho Recurso extraordinario /
Mención de responsabilidad, etc colaboración de Juan C. Poclava y Jorge Cogan.
260 ## - PUBLICATION, DISTRIBUTION, ETC. (IMPRINT)
Place of publication, distribution, etc Buenos Aires :
Name of publisher, distributor, etc La Ley,
Date of publication, distribution, etc 2000.
300 ## - DESCRIPCION FISICA
Extent 536 p.
Dimensions 25 cm.
490 ## - MENCION DE SERIE
Mención de Serie Manuales de Jurisprudencia
Designación numérica/secuencial del volumen 13
504 ## - NOTA DE BIBLIOGRAFÍA, ETC.
Bibliography, etc
505 ## - FORMATTED CONTENTS NOTE
Formatted contents note Contenido:<br/>Recursos de admisibilidad -- Sentencia arbitraria.<br/>Bibliografía modelos.
650 #0 - ASIENTO SECUNDARIO DE MATERIA - TERMINO TEMATICO
9 (RLIN) 1148
Topical term or geographic name as entry element DERECHO PROCESAL
650 #0 - ASIENTO SECUNDARIO DE MATERIA - TERMINO TEMATICO
9 (RLIN) 178
Topical term or geographic name as entry element DERECHO CONSTITUCIONAL
650 #0 - ASIENTO SECUNDARIO DE MATERIA - TERMINO TEMATICO
9 (RLIN) 2102
Topical term or geographic name as entry element RECURSO DE QUEJA (PROCESAL)
650 #0 - ASIENTO SECUNDARIO DE MATERIA - TERMINO TEMATICO
9 (RLIN) 2044
Topical term or geographic name as entry element RECURSO EXTRAORDINARIO
650 #0 - ASIENTO SECUNDARIO DE MATERIA - TERMINO TEMATICO
9 (RLIN) 2042
Topical term or geographic name as entry element SENTENCIA ARBITRARIA
700 ## - ADDED ENTRY--PERSONAL NAME
Personal name Poclava Lafuente, Juan C.
Relator term colaborador
9 (RLIN) 2115
700 ## - ADDED ENTRY--PERSONAL NAME
9 (RLIN) 2116
Personal name Cogan Mori, Jorge
Relator term colaborador
942 ## - ADDED ENTRY ELEMENTS (KOHA)
Source of classification or shelving scheme
Koha item type Libros
Classification part 347.957
Item part LEY
Existencias
Withdrawn status Lost status Source of classification or shelving scheme Damaged status Not for loan Permanent Location Current Location Date acquired Full call number Barcode Date last seen Price effective from Koha item type
          Biblioteca Poder Judicial Sur Biblioteca Poder Judicial Sur 2018-09-08 347.957 LEY 3801 2018-09-08 2018-09-08 Libros

12 de Octubre 789 Ushuaia - Tel:  54(02901)441571
Horario de Atención: 8.00 a 17.00 hs. 
bibliotecaush@justierradelfuego.gov.ar
koha@justierradelfuego.gov.ar
Seguinos en nuestras redes @bibliojustdf 

Con tecnología Koha